000 00753nam a22002417a 4500
003 LK-CoMWRAF
005 20231006143523.0
008 231006b1999 |||||||| |||| 00| 0 eng d
020 _a9780349111667
040 _aLK-CoMWRAF
_dLK-CoMWRAF
_eLK-CoMWRAF
041 _aeng
082 _a330.1
_bLAN
100 _aLandes, David S.
245 _aThe wealth and poverty of nations:
_bwhy some are so rich and some so poor
260 _aLondon:
_bAbacus,
_c1999
300 _axxi, 650p. : maps ; 25 cm.
_bBibliography and index included
650 _aWEALTH-History.
650 _aPoverty--History.
650 _aRegional economic disparities-History
650 _aEconomic development--Social aspects.
650 _aEconomic history.
942 _cBK
999 _c3803
_d3803